000 00794nam a2200229 a 4500
001 47143
003 BD-RjUL
005 20211209054251.0
008 160807s2011 bg ||||| |||| 00| 0 ben d
020 _a9789848945469
035 _a(BD-RjUL)
040 _aBD-RjUL
_bben
_cBD-RjUL
_dBD-RjUL
041 _aben
082 _a398
_223
_bHOF 2011
100 _aহোসেন, মো. জাহাঙ্গীর
_9120264
245 _aফোকলোর : যোগাযোগ ও উন্নয়ন /
_cমো. জাহাঙ্গীর হোসেন
260 _aঢকা :
_bগতিধারা,
_c২০১১
300 _a১৭৬ পৃ. ;
_c২১ সেমি.
650 _aলোকাচারবিদ্যা
_9143555
650 _aFolklore
_9143556
942 _2ddc
_cBK
999 _c47143
_d47143